000 00848nam a2200277Ia 4500
001 22023
005 20260320113335.0
008 260320s9999||||xx |||||||||||||| ||und||
022 _a23134828
041 _aESP
082 _aHR 346 NOV 2025
_bACI
100 _a
_e
110 _aInstituto Pacífico
245 0 _aActualidad civil :
_brevista de derecho civil, procesal civil, registral e inmobiliario
246 _a
_5
_b
260 _aLima :
_bInstituto Pacífico,
_c2025
300 _a317 páginas :
_btablas ;
_c25 cm.
_e
440 _a
_n
_v
505 _aN° 137 (2025)
650 _aCIS
653 _aDerecho - Revista
654 _aDER
700 _a
_c
856 _uhttps://0u20rnv4l-y-https-actualidadcivil-pe.itmsp.museknowledge.com/revista-digital/edicion/actualidad-civil-137
_zVersión digital
942 _cREV
_dJUS
_fMAT
_2ddc
_n
999 _c22023
_d22023